000 00483pab a2200157 454500
008 180718b2004 xxu||||| |||| 00| 0 eng d
100 _aChadha, Vikram
245 _aRole of the state in information dissemination for catalysing technological diffusion in Indian manufacturing
260 _c2004
300 _ap.15-27.
362 _aJan-Mar
650 _aScientific innovations - India
650 _aScientific innovations
773 _aManagement in Government
909 _a66430
999 _c66430
_d66430